Derecho Administrativo (Registro nro. 184)

Detalles MARC
000 -LEADER
fixed length control field 01120 a2200241 4500
001 - CONTROL NUMBER
control field 273
005 - DATE AND TIME OF LATEST TRANSACTION
control field 20260407155418.0
008 - FIXED-LENGTH DATA ELEMENTS--GENERAL INFORMATION
fixed length control field 260407a2009 arg spa d
003 - CONTROL NUMBER IDENTIFIER
control field AR-UNSa-BCEJYS
040 ## - CATALOGING SOURCE
Original cataloging agency AR-UNSa-BCEJYS
Language of cataloging spa
Transcribing agency AR-UNSa-BCEJYS
080 ## - UNIVERSAL DECIMAL CLASSIFICATION NUMBER
Universal Decimal Classification number 342.9
Common auxiliary subdivision Derecho Administrativo
020 ## - INTERNATIONAL STANDARD BOOK NUMBER
International Standard Book Number 978-950-894-741-3
041 ## - LANGUAGE CODE
Language code of text/sound track or separate title spa
100 1# - MAIN ENTRY--PERSONAL NAME
Personal name Ivanega, Miriam Mabel
245 10 - TITLE STATEMENT
Title Derecho Administrativo
Name of part/section of a work libro en homenje al Profesor Doctor Julio Rodolfo Comadira
264 #1 - PRODUCTION, PUBLICATION, DISTRIBUTION, MANUFACTURE, AND COPYRIGHT NOTICE
Place of production, publication, distribution, manufacture Buenos Aires :
Name of producer, publisher, distributor, manufacturer AD-HOC
Date of production, publication, distribution, manufacture, or copyright notice 2009
300 ## - PHYSICAL DESCRIPTION
Extent xv, 1357 p.
Dimensions 23 cm
505 ## - FORMATTED CONTENTS NOTE
Formatted contents note 1. Derecho administrativo y principio de juridicidad - 2. Acto administrativo - 3. Contratos administrativos - 4. Procedimiento administrativo y proceso contencioso - 5. Servicios públicos - 6. Empleo público - 7. Responsabilidad del estado y del funcionario público - 8. Control público y organización administrativa
590 ## - LOCAL NOTE (RLIN)
Local note niveau_biblio:m niveau_hierar:0
700 1# - ADDED ENTRY--PERSONAL NAME
Personal name Comadira, Julio Pablo
856 41 - ELECTRONIC LOCATION AND ACCESS
Uniform Resource Identifier <a href="https://biblioeco.unsa.edu.ar/pmb/images/libros/Derecho Administrativo2-l117808.jpg">https://biblioeco.unsa.edu.ar/pmb/images/libros/Derecho Administrativo2-l117808.jpg</a>
Link text Imagen de portada
Electronic format type image/jpeg
942 ## - ADDED ENTRY ELEMENTS (KOHA)
Koha item type
Existencias
Withdrawn status Lost status Damaged status Not for loan Home library Current library Shelving location Date acquired Total checkouts Full call number Barcode Date last seen Price effective from Koha item type
        Biblioteca Prof. Eusebio Cleto del Rey Biblioteca Prof. Eusebio Cleto del Rey   07/04/2026   342.9 C728 L117808 07/04/2026 07/04/2026 Libro